Movies Quiz

Random Movies or Actor Quiz
Score 0/8 Timer 04:00
0 Plays Today
Year Film % Correct
1990Hard to Kill
83%
1991Out for Justice
66.8%
1988Above the Law
56.8%
1990Marked for Death
56.8%
1994On Deadly Ground
48.6%
1997Fire Down Below
35.7%
1996The Glimmer Man
32.7%
2002Half Past Dead
23.5%
Remove Ads.
Support Sporcle.
Get the best of Sporcle when you Go Orange. This ad-free experience offers more features, more stats, and more fun while also helping to support Sporcle. Thank you for becoming a member.

You're not logged in!

Compare scores with friends on all Sporcle quizzes.
OR
Log In

Show Comments

Extras

Top Quizzes Today


Score Distribution

Your Account Isn't Verified!

In order to create a playlist on Sporcle, you need to verify the email address you used during registration. Go to your Sporcle Settings to finish the process.

Report this User

Report this user for behavior that violates our Community Guidelines.

Details: